Ética para el mundo real : 83 artículos breves sobre cosas que importan /

Detalles Bibliográficos
Autor principal: Singer, Peter, 1946- (Autor)
Otros Autores: Soler Chic, Joan (Traductor)
Formato: Electrónico eBook
Lenguaje:español
inglés
Publicado: Barcelona : Antoni Bosch editor, [2017]
Materias:
Acceso en línea:Digitalia Hispánica

MARC

LEADER 00000nam a2200000Ii 4500
001 DIGANBSCH0020
003 NyNyDIG
006 m o d
007 cr |||||||||||
008 240103s2017 sp ob 001 0 spa d
035 |a (OCoLC)1417820909 
040 |a DGITA  |b eng  |e rda  |e pn  |c DGITA 
020 |a 9788494737626  |q eBook 
020 |z 9788494627156 
041 1 |a spa  |h eng 
043 |a u-at--- 
050 1 4 |a BJ977.A8 ebook 
082 0 4 |a 170  |2 23 
100 1 |a Singer, Peter,  |d 1946-  |e author. 
240 1 0 |a Ethics in the real world.  |l Spanish  |s (Soler Chic) 
245 1 0 |a Ética para el mundo real :  |b 83 artículos breves sobre cosas que importan /  |c Peter Singer ; traducción de Joan Soler Chic. 
264 1 |a Barcelona :  |b Antoni Bosch editor,  |c [2017] 
300 |a 1 online resource. 
336 |a text  |b txt  |2 rdacontent 
337 |a computer  |b c  |2 rdamedia 
338 |a online resource  |b cr  |2 rdacarrier 
347 |a text file  |2 rdaft 
347 |b EPUB 
504 |a Includes bibliographical references and index. 
588 0 |a Online resource; title from ePub title page (Digitalia, viewed January 3, 2024) 
650 0 |a Ethics, Modern  |z Australia. 
700 1 |a Soler Chic, Joan,  |e translator.  
700 1 |i Translation of:  |a Singer, Peter,  |d 1946-  |t Ethics in the real world. 
791 2 |a Digitalia (Firm),  |e distributor. 
793 0 |g Digitalia eBook Collection:  |a Antoni Bosch Editor 
776 0 8 |i Print version:  |a Singer, Peter, 1946-  |s Ethics in the real world. Spanish (Soler Chic).  |t Ética para el mundo real.  |d Barcelona : Antoni Bosch editor, [2017]  |z 9788494627156 
856 4 0 |3 Digitalia Hispánica  |u https://www.digitaliapublishing.com/a/96853/ 
910 |a Premium collection: 2024